Eco-nomics : what everyone should know about economics and the environment

Bibliographic Details
Main Author: Stroup, Richard
Format: Book
Published: Washington, D.C. : Cato Institute , c2003.
Subjects:

MARC

LEADER 00000cam a2200000 7i4500
001 0000003471
005 20060327.0
020 0 0 |a 1930865449 
090 0 0 |a 333.7   |b STR 
100 1 0 |a Stroup, Richard. 
245 1 0 |a Eco-nomics :   |b what everyone should know about economics and the environment   |c Richard L. Stroup. 
260 0 0 |a Washington, D.C. :   |b Cato Institute ,   |c c2003. 
300 |a viii, 91 p. :   |b ill. ;   |c 23 cm. 
650 0 0 |a Environmental economics. 
650 0 0 |a Environmental policy   |x Economic aspects. 
999 |a 0000006559   |b Monograph   |c Open Shelf   |e Default branch